| 000 | 00877nam a2200277 a 4500 | ||
|---|---|---|---|
| 001 | 4205 | ||
| 003 | BD-RjUL | ||
| 005 | 20211208233842.0 | ||
| 008 | 131222s1967 enka b 00100 eng | ||
| 035 | _a(BD-RjUL)4239 | ||
| 040 |
_aDLC _cIAF _dm.c. _dBOS _beng |
||
| 041 | _aeng | ||
| 082 |
_223 _a338.7 _bHIL 1967 |
||
| 090 |
_aHF1411 _bF678 |
||
| 100 | 1 |
_aHirsch, Seev. _913330 |
|
| 245 | 1 | 0 | _aLocation of industry and international competitiveness. |
| 260 |
_aOxford, _bOxford University Press _c1967. |
||
| 300 |
_aix, 133 p. : _bill. ; _c23 cm. |
||
| 500 | _aBased on the author's thesis, Harvard, Graduate School of Business Administration, 1965. | ||
| 504 | _aBibliographical footnotes. | ||
| 650 | 0 |
_aCommerce. _913331 |
|
| 650 | 0 |
_aIndustries. _913332 |
|
| 650 | 0 |
_aExport marketing. _91794 |
|
| 650 | 0 |
_aElectronic industries _zUnited States. _913333 |
|
| 942 |
_2ddc _cBK |
||
| 999 |
_c4205 _d4205 |
||